[Event "Portugal Open 2018"]
[Site "Lisboa POR"]
[Date "2018.02.03"]
[Round "2.103"]
[White "Hapke, Ralf"]
[Black "Coimbra, João"]
[Result "1-0"]
[WhiteElo "1859"]
[BlackElo "1403"]
[WhiteFideId "4655630"]
[BlackFideId "1901435"]
[WhiteCountry "GER"]
[BlackCountry "POR"]
[PlyCount "177"]
[EventDate "2018.??.??"]

1. e4 c6 2. d4 d6 3. Nc3 Nf6 4. f3 Nbd7 5. Be3 e5 6. Qd2 Be7 7. O-O-O a6 8. Kb1
h6 9. g4 Ng8 10. Nge2 h5 11. g5 g6 12. h4 Rh7 13. f4 exf4 14. Nxf4 Nb8 15. Bc4
b5 16. Bb3 a5 17. a4 b4 18. Nce2 Bg4 19. Nxg6 fxg6 20. Bxg8 Rg7 21. Bb3 Nd7 22.
Rdf1 Qc7 23. Nf4 O-O-O 24. Ne6 Bxe6 25. Bxe6 Qb7 26. Rh2 Kc7 27. Rhf2 Nf8 28.
Bb3 Qa6 29. Rf7 Rxf7 30. Rxf7 Kd7 31. Qf2 Re8 32. Qf3 Kd8 33. Bg1 Qc8 34. Bh2
Qd7 35. Ka2 Ne6 36. Qd3 Rf8 37. Rxf8+ Nxf8 38. Qa6 Qc7 39. Bf7 Bxg5 40. Qa8+ Ke7
41. Qe8+ Kf6 42. hxg5+ Kg7 43. Bb3 Qd7 44. Qxd7+ Nxd7 45. Bxd6 Nb6 46. Be6 Nxa4
47. Kb3 Nb6 48. Bc7 a4+ 49. Kxb4 Na8 50. Bd8 Kf8 51. Bd7 c5+ 52. Kxc5 Kf7 53.
Bc6 h4 54. Bxa8 h3 55. Bc7 Ke6 56. Bd5+ Kd7 57. Bh2 Ke7 58. Kb4 Kd7 59. Bf7 Ke7
60. Bxg6 Ke6 61. Bf5+ Kf7 62. Kxa4 Kg7 63. c4 Kf7 64. b4 Ke7 65. Bxh3 Kf7 66.
Bf5 Ke7 67. e5 Kf7 68. d5 Ke7 69. c5 Kf7 70. b5 Ke7 71. e6 Kd8 72. d6 Ke8 73. c6
Kd8 74. b6 Ke8 75. c7 Kf8 76. Be5 Kg8 77. Kb5 Kf8 78. Kc4 Ke8 79. d7+ Kf8 80.
c8=N Kg8 81. g6 Kf8 82. b7 Kg8 83. b8=N Kf8 84. Nc6 Kg8 85. Nd4 Kf8 86. Nf3 Kg8
87. Ng5 Kf8 88. Nh7+ Kg8 89. Ne7# 1-0

[Event "Portugal Open 2018"]
[Site "Lisboa POR"]
[Date "2018.02.03"]
[Round "2.104"]
[White "Passeiro, Lourenço"]
[Black "Skalli, Taoufik"]
[Result "0-1"]
[WhiteElo "1362"]
[BlackElo "1858"]
[WhiteFideId "1934848"]
[BlackFideId "9004980"]
[WhiteCountry "POR"]
[BlackCountry "MAR"]
[PlyCount "112"]
[EventDate "2018.??.??"]

1. e4 c5 2. c3 g6 3. Nf3 Bg7 4. d4 cxd4 5. cxd4 d5 6. Nc3 dxe4 7. Nxe4 Nf6 8.
Bd3 O-O 9. O-O Nc6 10. Be3 Bg4 11. Nc5 b6 12. Nb3 Nd5 13. Be4 Rc8 14. h3 Nxe3
15. fxe3 Bd7 16. Rc1 a5 17. Nbd2 Bh6 18. Qe2 b5 19. Nb3 Qb6 20. Nc5 Be8 21. Rfd1
e6 22. Nd3 f5 23. Bxc6 Rxc6 24. Nde5 Rxc1 25. Rxc1 b4 26. Rc5 a4 27. Kf2 g5 28.
g4 fxg4 29. hxg4 Bg7 30. Kg1 h6 31. Qc4 b3 32. a3 Qd6 33. Ra5 Rxf3 34. Ra6 Qb8
35. Nxf3 Qg3+ 36. Kf1 Qxf3+ 37. Ke1 Qxe3+ 38. Kd1 Qxd4+ 39. Qxd4 Bxd4 40. Rxe6
Bd7 41. Rxh6 Bxb2 42. Rg6+ Kf7 43. Rxg5 Bxa3 44. Kd2 Be7 45. Ra5 Bb4+ 46. Kc1
Bxa5 47. Kb2 Bb4 48. g5 Be6 49. g6+ Kxg6 50. Ka1 a3 51. Kb1 Bc3 52. Kc1 b2+ 53.
Kc2 Bf6 54. Kb1 Bf5+ 55. Ka2 b1=Q+ 56. Kxa3 Qb5 0-1

[Event "Portugal Open 2018"]
[Site "Lisboa POR"]
[Date "2018.02.03"]
[Round "2.105"]
[White "Machado, Tomás"]
[Black "Costa, Raul"]
[Result "1-0"]
[WhiteElo "1852"]
[BlackElo "1363"]
[WhiteFideId "1946838"]
[BlackFideId "1956868"]
[WhiteCountry "POR"]
[BlackCountry "POR"]
[PlyCount "85"]
[EventDate "2018.??.??"]

1. e4 e5 2. Nf3 Nc6 3. d4 exd4 4. Nxd4 Nxd4 5. Qxd4 d6 6. Nc3 Be6 7. Be2 Ne7 8.
O-O Nc6 9. Qd3 Be7 10. f4 Bf6 11. Be3 Qe7 12. Qb5 O-O-O 13. Qa4 a6 14. Bxa6 bxa6
15. Qxc6 Kb8 16. Qxa6 c5 17. Rad1 Bc8 18. Qb6+ Qb7 19. Rxd6 Be7 20. Qxb7+ Kxb7
21. Rdd1 Be6 22. f5 Bc4 23. Rfe1 Kc6 24. Bf4 f6 25. b3 Bf7 26. Nd5 Rd7 27. Nxe7+
Rxe7 28. c4 Rhe8 29. Rd6+ Kb7 30. Red1 Bh5 31. Rd7+ Kc8 32. Rxe7 Rxe7 33. Re1
Kd7 34. h3 Kc6 35. g4 Be8 36. e5 fxe5 37. Rxe5 Rxe5 38. Bxe5 g6 39. f6 Kd7 40.
g5 Ke6 41. Bc3 Kf5 42. h4 Ke4 43. a4 1-0

[Event "Portugal Open 2018"]
[Site "Lisboa POR"]
[Date "2018.02.03"]
[Round "2.106"]
[White "Palhas, Miguel Brando"]
[Black "Dumont, Vincent"]
[Result "1-0"]
[WhiteElo "1323"]
[BlackElo "1849"]
[WhiteFideId "1961349"]
[BlackFideId "206199"]
[WhiteCountry "POR"]
[BlackCountry "BEL"]
[PlyCount "55"]
[EventDate "2018.??.??"]

1. e4 b6 2. d4 Bb7 3. Bd3 e6 4. c3 h6 5. Nf3 d6 6. O-O Nd7 7. Re1 Ne7 8. Nbd2 a6
9. a4 g5 10. Nc4 Ng6 11. e5 g4 12. Nfd2 Nf4 13. Bf1 Qh4 14. Ne4 Nh3+ 15. gxh3
gxh3 16. exd6 Bxe4 17. Rxe4 Rg8+ 18. Kh1 Qxe4+ 19. f3 Qd5 20. dxc7 Rc8 21. Bf4
Nf6 22. Nxb6 Ne4 23. Qe2 Qb7 24. Nxc8 Nf6 25. Nd6+ Bxd6 26. Bxd6 Qc6 27. Bxh3
Nd5 28. Bxe6 1-0

[Event "Portugal Open 2018"]
[Site "Lisboa POR"]
[Date "2018.02.03"]
[Round "2.107"]
[White "Bártolo, Diogo"]
[Black "Elias, Rúben"]
[Result "0-1"]
[WhiteElo "1297"]
[BlackElo "1836"]
[WhiteFideId "1946757"]
[BlackFideId "1906453"]
[WhiteCountry "POR"]
[BlackCountry "POR"]
[PlyCount "70"]
[EventDate "2018.??.??"]

1. e4 e5 2. Bc4 Nf6 3. d4 exd4 4. Nf3 Bb4+ 5. Bd2 Bc5 6. Bg5 Bb4+ 7. Bd2 Bxd2+
8. Nfxd2 O-O 9. e5 d5 10. exf6 dxc4 11. O-O Qxf6 12. Nxc4 Nc6 13. Re1 Be6 14.
Nba3 Rad8 15. b3 Rfe8 16. Nb5 Qe7 17. Ne5 Nxe5 18. Rxe5 a6 19. Nxd4 c5 20. c3
cxd4 21. cxd4 Qd6 22. Re4 Bf5 23. Rxe8+ Rxe8 24. Rc1 Rd8 25. g4 Qg6 26. h3 h5
27. f3 hxg4 28. hxg4 Be6 29. Rc5 Bd5 30. Kf2 Qd6 31. Kg2 Bc6 32. Qh1 Qxd4 33.
Rh5 Qxg4+ 34. Kf2 Rd2+ 35. Ke3 Qd4# 0-1

[Event "Portugal Open 2018"]
[Site "Lisboa POR"]
[Date "2018.02.03"]
[Round "2.108"]
[White "Gorny, Michael"]
[Black "McDonald, Margaret"]
[Result "1-0"]
[WhiteElo "1836"]
[BlackElo "1300"]
[WhiteFideId "12953628"]
[BlackFideId "420417"]
[WhiteCountry "GER"]
[BlackCountry "FRA"]
[PlyCount "33"]
[EventDate "2018.??.??"]

1. d4 d5 2. c4 dxc4 3. Nf3 Nf6 4. Nc3 a6 5. e4 e6 6. Bxc4 b5 7. Bd3 Bb7 8. e5
Nd5 9. O-O Nd7 10. Ne4 Nb4 11. Bb1 Be7 12. Qe2 c5 13. Bg5 f6 14. exf6 gxf6 15.
Bh6 c4 16. Nfg5 fxg5 17. Qh5# 1-0

[Event "Portugal Open 2018"]
[Site "Lisboa POR"]
[Date "2018.02.03"]
[Round "2.109"]
[White "Cardoso, Miguel"]
[Black "Dong, Fábio"]
[Result "1-0"]
[WhiteElo "1832"]
[BlackElo "1201"]
[WhiteFideId "1904280"]
[BlackFideId "1958020"]
[WhiteCountry "POR"]
[BlackCountry "POR"]
[PlyCount "71"]
[EventDate "2018.??.??"]

1. e4 c5 2. Nf3 e6 3. Be2 Nc6 4. O-O Nf6 5. d3 Be7 6. Na3 d5 7. exd5 exd5 8. d4
c4 9. c3 O-O 10. Nc2 Bg4 11. Ne3 Bxf3 12. Bxf3 b5 13. Nf5 b4 14. Re1 Re8 15. Bg5
h6 16. Bh4 Qd7 17. Nxe7+ Rxe7 18. Rxe7 Nxe7 19. Bxf6 gxf6 20. Qd2 Qf5 21. Re1
Ng6 22. Qxh6 bxc3 23. bxc3 Rd8 24. Qd2 Rb8 25. h3 Qf4 26. Qc2 Qd6 27. Qf5 Ne7
28. Qg4+ Ng6 29. h4 Kf8 30. h5 Nf4 31. g3 Nd3 32. Re2 Rb1+ 33. Kh2 f5 34. Qxf5
Qa3 35. h6 Qc1 36. Qc8# 1-0

[Event "Portugal Open 2018"]
[Site "Lisboa POR"]
[Date "2018.02.03"]
[Round "2.110"]
[White "Costa, Fábio"]
[Black "Barros, Luís"]
[Result "0-1"]
[WhiteElo "1207"]
[BlackElo "1831"]
[WhiteFideId "1961063"]
[BlackFideId "23600110"]
[WhiteCountry "POR"]
[BlackCountry "CPV"]
[PlyCount "90"]
[EventDate "2018.??.??"]

1. d4 d5 2. Bf4 Nc6 3. e3 a6 4. Nd2 e6 5. Ngf3 Bd6 6. Bg3 Nf6 7. Bd3 Nb4 8. Be2
Bd7 9. c3 Nc6 10. Bd3 Qe7 11. O-O e5 12. dxe5 Nxe5 13. Nxe5 Bxe5 14. Bxe5 Qxe5
15. Nf3 Qd6 16. Re1 O-O-O 17. h3 h6 18. Nd4 g5 19. Qc2 g4 20. hxg4 Nxg4 21. Bf5
Qh2+ 22. Kf1 Rhg8 23. Bxd7+ Rxd7 24. Nf3 Qxg2+ 25. Kxg2 Nxe3+ 26. Kh3 Nxc2 27.
Rac1 Nxe1 28. Rxe1 f6 29. Nh4 Rg5 30. Nf3 Rf5 31. Re8+ Rd8 32. Rxd8+ Kxd8 33.
Kg3 Rh5 34. Kg4 Rh1 35. Nd4 h5+ 36. Kf3 Rb1 37. b4 b6 38. Kg3 Rc1 39. Ne2 Rc2
40. Nf4 Rxc3+ 41. Kg2 d4 42. Ne6+ Kd7 43. Nxd4 Rc4 44. Nf3 Rxb4 45. Kf1 Ra4 0-1

[Event "Portugal Open 2018"]
[Site "Lisboa POR"]
[Date "2018.02.03"]
[Round "2.111"]
[White "Ribeiro, Bruno Rafael"]
[Black "Maissa, Susana"]
[Result "1-0"]
[WhiteElo "1831"]
[BlackElo "1171"]
[WhiteFideId "1908081"]
[BlackFideId "1954202"]
[WhiteCountry "POR"]
[BlackCountry "POR"]
[PlyCount "83"]
[EventDate "2018.??.??"]

1. e4 c5 2. Nc3 Nf6 3. g3 d6 4. Bg2 g6 5. d3 Bg7 6. f4 e6 7. Nf3 d5 8. e5 Nfd7
9. O-O O-O 10. h3 Nc6 11. Kh2 a6 12. a4 b6 13. d4 Ne7 14. g4 Bb7 15. Be3 Rc8 16.
Qe1 Nc6 17. Qf2 cxd4 18. Nxd4 Nc5 19. a5 Nxa5 20. b4 Nc4 21. bxc5 bxc5 22. Nxe6
fxe6 23. Bxc5 Rf7 24. Bd4 Qf8 25. Qg3 Bh6 26. f5 gxf5 27. gxf5+ Rg7 28. Qd3 Qe8
29. fxe6 Qxe6 30. Rf6 Nxe5 31. Rxe6 Nxd3 32. Rxh6 Nf4 33. Bxg7 Kxg7 34. Rb6 Rc7
35. Bf3 Kh8 36. Kg3 Rf7 37. Rab1 Nh5+ 38. Bxh5 Rg7+ 39. Kf4 Bc8 40. Rb8 Rg8 41.
Bg4 Kg7 42. Rxc8 1-0

[Event "Portugal Open 2018"]
[Site "Lisboa POR"]
[Date "2018.02.03"]
[Round "2.112"]
[White "Canelas, Miguel"]
[Black "Larsen, Sander"]
[Result "0-1"]
[WhiteElo "1172"]
[BlackElo "1824"]
[WhiteFideId "1941968"]
[BlackFideId "227315"]
[WhiteCountry "POR"]
[BlackCountry "BEL"]
[PlyCount "62"]
[EventDate "2018.??.??"]

1. d4 Nf6 2. Bf4 e6 3. e3 b6 4. Nd2 Bb7 5. Ngf3 d5 6. Be2 Bd6 7. Bg3 O-O 8. O-O
c5 9. c3 Bxg3 10. hxg3 Nc6 11. Qc2 Rc8 12. Rac1 Qe7 13. b3 Rfd8 14. Qd3 e5 15.
Qf5 exd4 16. c4 dxe3 17. fxe3 Qxe3+ 18. Rf2 Ne4 19. Nxe4 Qxc1+ 20. Kh2 Qh6+ 21.
Nh4 dxe4 22. Qxf7+ Kh8 23. Qxb7 Rf8 24. Rf5 g5 25. Kh3 Rxf5 26. Qxc8+ Rf8 27.
Qg4 gxh4 28. gxh4 Nd4 29. Qxe4 Qe6+ 30. Qxe6 Nxe6 31. Bg4 Nd4 0-1

[Event "Portugal Open 2018"]
[Site "Lisboa POR"]
[Date "2018.02.03"]
[Round "2.113"]
[White "Baumgartner, Christopher"]
[Black "Dong, Rafael"]
[Result "1-0"]
[WhiteElo "1809"]
[BlackElo "1149"]
[WhiteFideId "2022087"]
[BlackFideId "1958038"]
[WhiteCountry "USA"]
[BlackCountry "POR"]
[PlyCount "43"]
[EventDate "2018.??.??"]

1. e4 c5 2. d4 cxd4 3. c3 Nf6 4. e5 Nd5 5. Bc4 Nb6 6. Bb3 Nc6 7. Nf3 e6 8. cxd4
d5 9. O-O Be7 10. Nc3 O-O 11. Bc2 Bd7 12. Qd3 g6 13. a3 a5 14. Qe3 Re8 15. Qh6
Bf8 16. Qh3 h5 17. g4 Bg7 18. gxh5 Ne7 19. Bg5 Rf8 20. h6 Bh8 21. h7+ Kg7 22.
Bf6# 1-0

[Event "Portugal Open 2018"]
[Site "Lisboa POR"]
[Date "2018.02.03"]
[Round "2.114"]
[White "Pina, Tiago"]
[Black "Cordeiro, João"]
[Result "0-1"]
[WhiteElo "1154"]
[BlackElo "1807"]
[WhiteFideId "1950673"]
[BlackFideId "1935291"]
[WhiteCountry "POR"]
[BlackCountry "POR"]
[PlyCount "72"]
[EventDate "2018.??.??"]

1. Nf3 d5 2. d4 Nf6 3. c4 e6 4. Bf4 Be7 5. Nc3 a6 6. c5 O-O 7. h3 b6 8. b4 Bb7
9. e3 Ne4 10. Nxe4 dxe4 11. Nd2 Bd5 12. Qc2 f5 13. Be2 a5 14. b5 Nd7 15. c6 Nf6
16. O-O Bd6 17. Bxd6 Qxd6 18. Nc4 Bxc4 19. Bxc4 Nd5 20. Bxd5 exd5 21. a4 Rf6 22.
Qc3 Raf8 23. g3 Rh6 24. Kg2 Qe6 25. Rh1 g5 26. f4 exf3+ 27. Kxf3 Qe4+ 28. Kf2 g4
29. h4 Qf3+ 30. Kg1 Qxg3+ 31. Kf1 f4 32. Rg1 fxe3+ 33. Ke2 Qf3+ 34. Kd3 Qe4+ 35.
Ke2 Rxh4 36. Rg3 Rh2+ 0-1

[Event "Portugal Open 2018"]
[Site "Lisboa POR"]
[Date "2018.02.04"]
[Round "3.1"]
[White "Radovanovic, Mihajlo"]
[Black "Jobava, Baadur"]
[Result "0-1"]
[WhiteElo "2422"]
[BlackElo "2685"]
[WhiteFideId "940313"]
[BlackFideId "13601520"]
[WhiteTitle "IM"]
[BlackTitle "GM"]
[WhiteCountry "SRB"]
[BlackCountry "GEO"]
[PlyCount "120"]
[EventDate "2018.??.??"]

1. Nf3 d5 2. g3 c6 3. Bg2 Bf5 4. O-O e6 5. d3 h6 6. c4 dxc4 7. dxc4 Qxd1 8. Rxd1
Nf6 9. Nc3 Bc2 10. Rd2 Bh7 11. Rd1 Bb4 12. Bd2 O-O 13. Ne5 Rd8 14. a3 Be7 15.
Bf4 Nbd7 16. Nxd7 Rxd7 17. Rxd7 Nxd7 18. Ne4 Nb6 19. Rc1 Rd8 20. Be3 Na4 21. b4
a6 22. h4 Kf8 23. Bf3 e5 24. h5 f5 25. Nc5 Nxc5 26. bxc5 Bg8 27. Bg2 Be6 28. f4
Bf6 29. a4 Rd7 30. Kf2 Ke7 31. Kf1 Kd8 32. Ke1 Kc8 33. Bh3 e4 34. Kf2 Kc7 35.
Rb1 a5 36. Rc1 Rd8 37. Rb1 Rd7 38. Rc1 Kd8 39. Rb1 Ke7 40. Rc1 Kf7 41. Bg2 Bb2
42. Rb1 Ba3 43. Ra1 Bb4 44. Rc1 Kf6 45. g4 fxg4 46. Bxe4 Bf7 47. Bd3 g6 48. Kg3
gxh5 49. f5 Re7 50. Kf4 Rxe3 51. Kxe3 Bxc5+ 52. Kf4 Bd6+ 53. Ke3 Kg5 54. Kf2
Bc5+ 55. e3 h4 56. Ke2 h3 57. Be4 g3 58. Rg1 Bxc4+ 59. Kf3 g2 60. Rc1 Bf1 0-1

[Event "Portugal Open 2018"]
[Site "Lisboa POR"]
[Date "2018.02.04"]
[Round "3.2"]
[White "Demchenko, Anton"]
[Black "Yurtseven, Melih"]
[Result "1-0"]
[WhiteElo "2671"]
[BlackElo "2415"]
[WhiteFideId "4160258"]
[BlackFideId "6312160"]
[WhiteTitle "GM"]
[BlackTitle "FM"]
[WhiteCountry "RUS"]
[BlackCountry "TUR"]
[PlyCount "49"]
[EventDate "2018.??.??"]

1. e4 c6 2. d4 d5 3. exd5 cxd5 4. Bd3 Nc6 5. c3 Nf6 6. Bf4 Bg4 7. Qb3 e5 8. h3
exf4 9. hxg4 Qe7+ 10. Kf1 Ne4 11. Qc2 O-O-O 12. Nd2 Re8 13. Bxe4 dxe4 14. Re1 f5
15. gxf5 e3 16. fxe3 fxe3 17. Rh3 Qc7 18. Rexe3 Rxe3 19. Rxe3 Bd6 20. Ne2 Rf8
21. Rf3 Re8 22. Ne4 Bf8 23. Qd3 Qf7 24. b3 h6 25. Nf4 1-0

[Event "Portugal Open 2018"]
[Site "Lisboa POR"]
[Date "2018.02.04"]
[Round "3.3"]
[White "Bulmaga, Irina"]
[Black "Ghamarian, Tigran"]
[Result "0-1"]
[WhiteElo "2411"]
[BlackElo "2622"]
[WhiteFideId "13903063"]
[BlackFideId "13301527"]
[WhiteTitle "IM"]
[BlackTitle "GM"]
[WhiteCountry "ROU"]
[BlackCountry "FRA"]
[PlyCount "102"]
[EventDate "2018.??.??"]

1. e4 c5 2. Nf3 d6 3. d4 cxd4 4. Nxd4 Nf6 5. Nc3 a6 6. h3 e6 7. g4 h6 8. Be3 b5
9. Bg2 Bb7 10. a3 Nbd7 11. Qe2 Rc8 12. O-O Nc5 13. Rad1 Ncxe4 14. Nxe4 Bxe4 15.
Bxe4 Nxe4 16. Bf4 d5 17. a4 bxa4 18. Qxa6 Nc5 19. Qe2 Bd6 20. Bxd6 Qxd6 21. Nf5
Qb8 22. c4 Kf8 23. Ng3 dxc4 24. Qxc4 Kg8 25. Rc1 Kh7 26. Ne4 Nb3 27. Qd3 f5 28.
Rxc8 Rxc8 29. gxf5 Rd8 30. Qf3 Nd4 31. Qh5 exf5 32. Nf6+ Kh8 33. Re1 Qa8 34. Re3
Qc6 35. Re8+ Rxe8 36. Qxe8+ Qxe8 37. Nxe8 Nf3+ 38. Kf1 Nd2+ 39. Ke2 Nc4 40. Kd3
Nxb2+ 41. Kc2 Nc4 42. Nc7 g5 43. Ne6 Kh7 44. Nc5 Nb6 45. Kc3 Kg6 46. Kd4 Kf6 47.
f3 h5 48. Nd3 a3 49. Kc3 Nd5+ 50. Kb3 Nf4 51. Nf2 Ke5 0-1

[Event "Portugal Open 2018"]
[Site "Lisboa POR"]
[Date "2018.02.04"]
[Round "3.4"]
[White "Sevian, Samuel"]
[Black "Sousa, André V"]
[Result "1/2-1/2"]
[WhiteElo "2617"]
[BlackElo "2405"]
[WhiteFideId "2040506"]
[BlackFideId "1917617"]
[WhiteTitle "GM"]
[BlackTitle "IM"]
[WhiteCountry "USA"]
[BlackCountry "POR"]
[PlyCount "64"]
[EventDate "2018.??.??"]

1. d4 d5 2. Nf3 Nf6 3. c4 e6 4. g3 Be7 5. Bg2 O-O 6. O-O dxc4 7. Ne5 Nc6 8. Nxc6
bxc6 9. Na3 Bxa3 10. bxa3 Nd5 11. Qa4 Nb6 12. Qa5 Rb8 13. Rd1 Qe7 14. Bd2 Nd5
15. Rdb1 Rb6 16. e4 Ra6 17. Qc5 Qxc5 18. dxc5 Nf6 19. Bb4 e5 20. Bf1 Be6 21. f3
Rb8 22. Be2 Nd7 23. Bd1 Kf8 24. Bc2 Ke7 25. Kf2 Rb5 26. a4 Rxb4 27. Rxb4 Nxc5
28. Ke3 Rb6 29. Rab1 Kd6 30. Rd1+ Ke7 31. Rdb1 Kd6 32. Rd1+ Ke7 1/2-1/2

[Event "Portugal Open 2018"]
[Site "Lisboa POR"]
[Date "2018.02.04"]
[Round "3.5"]
[White "Luch, Michal"]
[Black "Indjic, Aleksandar"]
[Result "0-1"]
[WhiteElo "2396"]
[BlackElo "2612"]
[WhiteFideId "1120042"]
[BlackFideId "911925"]
[WhiteTitle "IM"]
[BlackTitle "GM"]
[WhiteCountry "POL"]
[BlackCountry "SRB"]
[PlyCount "106"]

1. e4 c5 2. Nf3 d6 3. d4 cxd4 4. Nxd4 Nf6 5. Nc3 a6 6. Bg5 e6 7. f4 Qc7 8. Bxf6
gxf6 9. Qf3 Nc6 10. 0-0-0 h5 13. Nxc6 bxc6 14. f5 exf5 15. exf5 d5 16. Bd3 Bd6
17. h4 Be5 18. Ne2 Bb7 19. g4 c5 20. c3 Rb8 21. Rhe1 Qb6 22. Rd2 hxg4 23. Qxg4
Kf8 24. Bc2 Bc6 25. Bd1 Rg8 26. Qh5 Rg2 27. Qh6+ Ke7 28. Nd4 cxd4 29. cxd4 Rxd2
30. Qxd2 Kd6 31. dxe5+ fxe5 32. h5 Qb4 33. Qxb4+ Rxb4 34. Rh1 d4 35. Rh4 Rb8 36.
h6 Rh8 37. h7 f6 38. Rh6 Ke7 39. Bb3 e4 40. Be6 e3 41. Kc2 Be4+ 42. Kd1 Kd6 43.
Rxf6 Ke5 44. Rh6 d3 45. Rh3 Rxh7 46. Rxe3 Kd4 47. Rg3 Rh1+ 48. Kd2 Rh2+ 49. Ke1
Ke5 50. Bc4 d2+ 51. Kd1 Kf4 52. Rc3 Bf3+ 53. Rxf3+ Kxf3 54. Kc2 Ke3 55. Bd5
d1=Q+ 0-1

[Event "Portugal Open 2018"]
[Site "Lisboa POR"]
[Date "2018.02.04"]
[Round "3.6"]
[White "Petrov, Nikita"]
[Black "Klasan, Vladimir"]
[Result "1-0"]
[WhiteElo "2573"]
[BlackElo "2381"]
[WhiteFideId "4101286"]
[BlackFideId "934054"]
[WhiteTitle "IM"]
[BlackTitle "IM"]
[WhiteCountry "RUS"]
[BlackCountry "SRB"]
[PlyCount "55"]

1. Nf3 d5 2. d4 Nf6 3. c4 c6 4. e3 g6 5. Nc3 Bg7 6. Bd3 O-O 7. O-O Bg4 8. h3
Bxf3 9. Qxf3 dxc4 10. Bxc4 Nbd7 11. Rd1 e5 12. Bb3 Qe7 13. Bd2 Rad8 14. Rac1 h6
15. a3 e4 16. Qg3 Kh7 17. Na4 Nh5 18. Qc7 Rc8 19. Qxb7 Rb8 20. Bb4 Rxb7 21. Bxe7
Rxb3 22. Bxf8 Bxf8 23. Rxc6 Nhf6 24. Rc7 a5 25. Ra7 Rb5 26. Rc1 Bd6 27. Rc6 Bb8
28. Rxf6 1-0

[Event "Portugal Open 2018"]
[Site "Lisboa POR"]
[Date "2018.02.04"]
[Round "3.7"]
[White "Pérez Ponsa, Federico"]
[Black "Haria, Ravi"]
[Result "1/2-1/2"]
[WhiteElo "2553"]
[BlackElo "2376"]
[WhiteFideId "117927"]
[BlackFideId "415820"]
[WhiteTitle "GM"]
[BlackTitle "IM"]
[WhiteCountry "ARG"]
[BlackCountry "ENG"]
[PlyCount "57"]

1. e4 e6 2. d4 d5 3. Nd2 dxe4 4. Nxe4 Bd7 5. Nf3 Bc6 6. Bd3 Nd7 7. Qe2 Ngf6 8.
Neg5 Qe7 9. Bd2 h6 10. Ne4 Nxe4 11. Bxe4 Bxe4 12. Qxe4 c6 13. O-O-O Nf6 14. Qe2
O-O-O 15. c4 Qc7 16. Kb1 Bd6 17. g3 Rhe8 18. Rhe1 Qe7 19. Ba5 Bc7 20. Bc3 Qf8
21. Ne5 Nd7 22. f4 f6 23. Nxd7 Rxd7 24. d5 cxd5 25. cxd5 e5 26. fxe5 Bxe5 27.
Bxe5 Rxe5 28. Qg4 Qd6 29. Rxe5 1/2-1/2

[Event "Portugal Open 2018"]
[Site "Lisboa POR"]
[Date "2018.02.04"]
[Round "3.8"]
[White "Sanal, Vahap"]
[Black "Öztürk, Kubra"]
[Result "1-0"]
[WhiteElo "2551"]
[BlackElo "2353"]
[WhiteFideId "6300545"]
[BlackFideId "6302599"]
[WhiteTitle "GM"]
[BlackTitle "WGM"]
[WhiteCountry "TUR"]
[BlackCountry "TUR"]
[PlyCount "57"]

1. Nf3 d5 2. g3 g6 3. Bg2 Bg7 4. d4 Nf6 5. c4 c6 6. Qb3 O-O 7. Nc3 dxc4 8. Qxc4
b5 9. Qb3 a6 10. e4 e6 11. O-O Nbd7 12. Bf4 Bb7 13. a4 Qb6 14. Bd6 Rfc8 15. e5
Nd5 16. a5 Qd8 17. Ne4 f5 18. Nc5 Nxc5 19. dxc5 Qd7 20. Nd4 Re8 21. Rac1 Rac8
22. Qc2 Ne7 23. Rfd1 g5 24. Qb3 Ng6 25. Nxf5 Qf7 26. Nxg7 Kxg7 27. Qe3 h6 28.
Rd4 Rcd8 29. h4 1-0

[Event "Portugal Open 2018"]
[Site "Lisboa POR"]
[Date "2018.02.04"]
[Round "3.9"]
[White "Mihajlov, Sebastian"]
[Black "Santos Latasa, Jaime"]
[Result "1/2-1/2"]
[WhiteElo "2378"]
[BlackElo "2546"]
[WhiteFideId "1512110"]
[BlackFideId "2293307"]
[WhiteTitle "IM"]
[BlackTitle "IM"]
[WhiteCountry "NOR"]
[BlackCountry "ESP"]
[PlyCount "130"]

1. d4 d6 2. Nf3 g6 3. c4 Bg7 4. Nc3 Nf6 5. e4 O-O 6. Be2 e5 7. O-O Nbd7 8. Be3
Qe7 9. d5 Ng4 10. Bg5 f6 11. Bh4 Nh6 12. Ne1 g5 13. Bg3 f5 14. exf5 Nf6 15. Qd2
Nxf5 16. Qxg5 Nxd5 17. Qxe7 Ndxe7 18. Rd1 Be6 19. Nd5 Nxd5 20. cxd5 Bf7 21. Nc2
c6 22. dxc6 bxc6 23. Bg4 Nxg3 24. hxg3 d5 25. Nb4 Be8 26. Na6 Rf6 27. Nc7 Rb8
28. Nxe8 Rxe8 29. Rfe1 Rd6 30. Bf5 h6 31. g4 Rb8 32. b3 Kf8 33. f3 Ke7 34. Rd4
Kd8 35. Ra4 Ra8 36. Kf2 Kc7 37. Re2 Rdd8 38. Ra6 Rdb8 39. Rc2 Rb6 40. Ra5 Kb7
41. Re2 Re8 42. Bg6 Rd8 43. Bd3 Bf6 44. g3 Re8 45. Bg6 Rf8 46. Bf5 Rb4 47. Rc5
e4 48. Rcc2 Bd4+ 49. Kg2 e3 50. f4 a5 51. Bd7 c5 52. Kf3 Kc7 53. Ba4 Kd6 54. Rh2
Rf6 55. Rh5 Re6 56. f5 Rf6 57. Rch2 e2 58. Rxe2 Be5 59. Reh2 Rd4 60. Bb5 c4 61.
bxc4 dxc4 62. Rxh6 Rd3+ 63. Ke4 Rd4+ 64. Kf3 Rd3+ 65. Ke4 Rd4+ 1/2-1/2

[Event "Portugal Open 2018"]
[Site "Lisboa POR"]
[Date "2018.02.04"]
[Round "3.10"]
[White "Spraggett, Kevin"]
[Black "Rupérez Benito, Antonio"]
[Result "1/2-1/2"]
[WhiteElo "2535"]
[BlackElo "2348"]
[WhiteFideId "2600013"]
[BlackFideId "22245049"]
[WhiteTitle "GM"]
[BlackTitle "FM"]
[WhiteCountry "CAN"]
[BlackCountry "ESP"]
[PlyCount "84"]

1. e4 e6 2. d4 d5 3. exd5 exd5 4. Nf3 Nf6 5. Bd3 Bd6 6. Qe2+ Qe7 7. Qxe7+ Kxe7
8. O-O Re8 9. Bg5 h6 10. Re1+ Be6 11. Bh4 Nc6 12. c3 g5 13. Bg3 Nh5 14. Bxd6+
Kxd6 15. Nbd2 Nf4 16. Bc2 Bg4 17. Re3 Re7 18. Rxe7 Nxe7 19. Ne5 Be6 20. g3 Nh5
21. Re1 f6 22. Nd3 b6 23. f3 Ng7 24. Kf2 Bf5 25. Rh1 Ne6 26. h4 Rg8 27. Nf1 c5
28. dxc5+ Nxc5 29. Nxc5 bxc5 30. Bxf5 Nxf5 31. hxg5 hxg5 32. Rh7 Rb8 33. b3 Ne7
34. Nd2 a5 35. c4 a4 36. cxd5 Nxd5 37. Ra7 axb3 38. axb3 Rh8 39. Nc4+ Ke6 40.
Ra6+ Ke7 41. Ra7+ Ke6 42. Ra6+ Ke7 1/2-1/2

[Event "Portugal Open 2018"]
[Site "Lisboa POR"]
[Date "2018.02.04"]
[Round "3.11"]
[White "Rocha, Sérgio"]
[Black "Warakomski, Tomasz"]
[Result "1-0"]
[WhiteElo "2371"]
[BlackElo "2517"]
[WhiteFideId "1900404"]
[BlackFideId "1124552"]
[WhiteTitle "IM"]
[BlackTitle "GM"]
[WhiteCountry "POR"]
[BlackCountry "POL"]
[PlyCount "149"]

1. d4 Nf6 2. Nf3 e6 3. c4 d5 4. Nc3 dxc4 5. Qa4+ Nbd7 6. g3 a6 7. Bg2 Be7 8.
Qxc4 b5 9. Qd3 Bb7 10. O-O O-O 11. Bg5 c5 12. Rfd1 c4 13. Qc2 b4 14. Na4 Qa5 15.
Bxf6 Nxf6 16. Ne5 Bxg2 17. Kxg2 Rac8 18. b3 cxb3 19. Qxb3 Rc7 20. Nd3 Ne4 21.
Rac1 Nc3 22. Nxc3 bxc3 23. Rc2 Rfc8 24. Rb1 g6 25. Kg1 Rc4 26. Qb6 Qa4 27. Rb3
R4c6 28. Qb7 R6c7 29. Qe4 Bd6 30. h4 Qa5 31. Kg2 Kg7 32. Qf3 h5 33. Qe4 Rc4 34.
e3 Rb8 35. Nc5 Qxc5 36. dxc5 Rxe4 37. cxd6 Rd8 38. Rb6 Ra4 39. Rxc3 Rxa2 40. Rc7
Kf6 41. Ra7 a5 42. Rbb7 Rf8 43. e4 a4 44. Rb5 e5 45. Rc5 Rd2 46. d7 Rd4 47. Ra6+
Ke7 48. Rxe5+ Kxd7 49. Kf3 Rb8 50. Kf4 Rb2 51. f3 Rb3 52. Rf6 Rdd3 53. Rxf7+ Kd6
54. Rf6+ Kc7 55. Rf7+ Kd6 56. Rf6+ Kc7 57. Ra5 Rxf3+ 58. Ke5 Rxf6 59. Kxf6 a3
60. e5 Rxg3 61. e6 Rf3+ 62. Ke7 Kb6 63. Ra8 Kb7 64. Ra4 Kc6 65. Ke8 Kb5 66. Ra8
Kb4 67. e7 Kb3 68. Kd7 Rd3+ 69. Kc6 Re3 70. e8=Q Rxe8 71. Rxe8 a2 72. Ra8 Kb2
73. Kd5 a1=Q 74. Rxa1 Kxa1 75. Ke5 1-0